Who Wrote that YA Novel? - Statistics

General Stats
  • This quiz has been taken 8 times
  • The average score is 5 of 15
Answer Stats
Hint Answer % Correct
The Fault in Our Stars John Green
88%
The Hunger Games Suzanne Collins
88%
Twilight Stephanie Meyer
63%
Eleanor & Park Rainbow Rowell
38%
Divergent Veronica Roth
38%
They Both Die at the End Adam Silvera
25%
Simon vs. the Homo Sapiens Agenda Becky Albertalli
25%
A Good Girl's Guide to Murder Holly Jackson
25%
To All the Boys I've Loved Before Jenny Han
25%
The Hate U Give Angie Thomas
13%
All the Bright Places Jennifer Niven
13%
The Selection Kiera Cass
13%
Everything, Everything Nicola Yoon
13%
The Perks of Being a Wallflower Stephen Chbosky
13%
Miss Peregrine's Home for Peculiar Children Ransom Riggs
0%
No matching quizzes found
Score Distribution
Percent of People with Each Score
Percentile by Number Answered
Your Score History
You have not taken this quiz